| 000 | 00398nab a22001097u 4500 | ||
|---|---|---|---|
| 008 | 130520b2001 xxu||||| |||| 00| 0 eng d | ||
| 041 | _aeng | ||
| 100 | 1 |
_aVerstraeten, Johan _947774 |
|
| 245 | 0 | 0 |
_aDept Forgiveness, Social Justice and Solidarity: A Theological and Ethical Reflection _cJohan Verstraeten |
| 773 | 0 |
_tEthical Perspectives _gV.8, nº1,2001,págs. 18-28 _x1370-0049 _wRev202 |
|
| 942 | _cAR | ||
| 999 |
_c299590 _d299590 |
||